| 000 | 00932nam a2200289Ia 4500 | ||
|---|---|---|---|
| 001 | 21921 | ||
| 005 | 20260320113325.0 | ||
| 008 | 260320s9999||||xx |||||||||||||| ||und|| | ||
| 020 | _a9786074815016 | ||
| 041 | _aESP | ||
| 082 |
_a005.4 _bC235 |
||
| 100 |
_a _e |
||
| 110 | _aCentro de Computación Profesional de México (CCPM) | ||
| 245 | 0 |
_aDiseño y modelo 3D _b |
|
| 246 |
_a _5 _b |
||
| 250 | _a[Primera edición] | ||
| 260 |
_aMéxico, D. F. : _bCengage Learning, _c2011 |
||
| 300 |
_axxx, 267 páginas : _bilustraciones ; _c23 cm. _e |
||
| 440 |
_a _n _v |
||
| 500 | _aNo tiene portada / Datos extraídos de Universidad Nacional Micaela Bastidas | ||
| 650 | _aGEN | ||
| 653 | _aBlender; Curvas - Textos | ||
| 654 | _aCCC | ||
| 700 |
_a _c |
||
| 856 |
_uhttps://0u206lrml-y-https-ieeexplore-ieee-org.itmsp.museknowledge.com/Xplore/home.jsp _zVéase además: Base de datos IEEE Xplore |
||
| 942 |
_cLIB _dJUS _fMAT _2ddc _n |
||
| 999 |
_c21921 _d21921 |
||